<?xml version="1.0" encoding="UTF-8"?>
<record
    xmlns:xsi="http://www.w3.org/2001/XMLSchema-instance"
    xsi:schemaLocation="http://www.loc.gov/MARC21/slim http://www.loc.gov/standards/marcxml/schema/MARC21slim.xsd"
    xmlns="http://www.loc.gov/MARC21/slim">

  <leader>00828nam a22002297a 4500</leader>
  <controlfield tag="008">240706b        mp ||||| |||| 00| 0 mon d</controlfield>
  <datafield tag="020" ind1=" " ind2=" ">
    <subfield code="a">99929-0-473-9</subfield>
  </datafield>
  <datafield tag="035" ind1=" " ind2=" ">
    <subfield code="a">592</subfield>
  </datafield>
  <datafield tag="040" ind1=" " ind2=" ">
    <subfield code="a">BH0164090</subfield>
    <subfield code="b">mon</subfield>
    <subfield code="c">MN-UlNLM</subfield>
    <subfield code="d">MN-UlNLM</subfield>
    <subfield code="e">rda</subfield>
  </datafield>
  <datafield tag="041" ind1=" " ind2=" ">
    <subfield code="a">mon</subfield>
  </datafield>
  <datafield tag="042" ind1=" " ind2=" ">
    <subfield code="a">48119</subfield>
  </datafield>
  <datafield tag="084" ind1=" " ind2=" ">
    <subfield code="2">NNA</subfield>
    <subfield code="a">83.8/&#x410;&#x43D;&#x433;&#x43B;/</subfield>
    <subfield code="b">&#x410;.35</subfield>
  </datafield>
  <datafield tag="100" ind1=" " ind2=" ">
    <subfield code="a">&#x410;&#x439;&#x433;&#x43D;&#x44D;&#x440;. &#x42D;</subfield>
  </datafield>
  <datafield tag="245" ind1=" " ind2="0">
    <subfield code="a">&#x42D;&#x440;&#x432;&#x44D;&#x44D;&#x445;&#x438;&#x439;</subfield>
  </datafield>
  <datafield tag="264" ind1=" " ind2=" ">
    <subfield code="a">&#x423;&#x43B;&#x430;&#x430;&#x43D;&#x431;&#x430;&#x430;&#x442;&#x430;&#x440;</subfield>
    <subfield code="c">2005</subfield>
  </datafield>
  <datafield tag="300" ind1=" " ind2=" ">
    <subfield code="a">20&#x445;.</subfield>
  </datafield>
  <datafield tag="336" ind1=" " ind2=" ">
    <subfield code="2">rdacontent</subfield>
    <subfield code="a">text</subfield>
    <subfield code="b">txt</subfield>
  </datafield>
  <datafield tag="337" ind1=" " ind2=" ">
    <subfield code="2">rdamedia</subfield>
    <subfield code="a">unmediated</subfield>
    <subfield code="b">n</subfield>
  </datafield>
  <datafield tag="338" ind1=" " ind2=" ">
    <subfield code="2">rdacarrier</subfield>
    <subfield code="a">volume</subfield>
    <subfield code="b">nc</subfield>
  </datafield>
  <datafield tag="650" ind1=" " ind2=" ">
    <subfield code="a">&#x42D;&#x43D;&#x44D;&#x445;&#x4AF;&#x4AF; &#x43D;&#x43E;&#x43C;&#x43E;&#x43D;&#x434; &#x442;&#x4E9;&#x440;&#x4E9;&#x43B; &#x431;&#x4AF;&#x440;&#x438;&#x439;&#x43D; &#x44D;&#x440;&#x432;&#x44D;&#x44D;&#x445;&#x438;&#x439;, &#x442;&#x4AF;&#x4AF;&#x43D;&#x438;&#x439; &#x430;&#x43C;&#x44C;&#x434;&#x440;&#x43B;&#x44B;&#x43D; &#x442;&#x443;&#x445;&#x430;&#x439; &#x442;&#x430;&#x43D;&#x438;&#x43D; &#x43C;&#x44D;&#x434;&#x44D;&#x445;&#x4AF;&#x439;&#x43D; &#x43D;&#x43E;&#x43C; &#x44E;&#x43C;.  &#x422;&#x430;&#x43D;&#x438;&#x43D; &#x43C;&#x44D;&#x434;&#x44D;&#x445;&#x4AF;&#x439;&#x43D;, &#x42D;&#x440;&#x432;&#x44D;&#x44D;&#x445;&#x438;&#x439;  &#x413;&#x430;&#x440;&#x447;&#x438;&#x433;:  &#x42D;&#x440;&#x432;&#x44D;&#x44D;&#x445;&#x438;&#x439;  ...</subfield>
  </datafield>
  <datafield tag="942" ind1=" " ind2=" ">
    <subfield code="2">NNA</subfield>
    <subfield code="c">BK</subfield>
  </datafield>
  <datafield tag="952" ind1=" " ind2=" ">
    <subfield code="0">0</subfield>
    <subfield code="1">0</subfield>
    <subfield code="4">0</subfield>
    <subfield code="6">838&#x410;&#x41D;&#x413;&#x41B;_&#x410;35</subfield>
    <subfield code="7">0</subfield>
    <subfield code="8">BH0166</subfield>
    <subfield code="a">BH0164090</subfield>
    <subfield code="b">BH0164090</subfield>
    <subfield code="c">BH0166</subfield>
    <subfield code="d">2024-07-07</subfield>
    <subfield code="g">625.00</subfield>
    <subfield code="l">0</subfield>
    <subfield code="o">83.8/&#x410;&#x43D;&#x433;&#x43B;/  &#x410;.35</subfield>
    <subfield code="p">BH016592-2-2</subfield>
    <subfield code="r">2024-07-07</subfield>
    <subfield code="t">73</subfield>
    <subfield code="y">BK</subfield>
  </datafield>
  <datafield tag="952" ind1=" " ind2=" ">
    <subfield code="0">0</subfield>
    <subfield code="1">0</subfield>
    <subfield code="4">0</subfield>
    <subfield code="6">838&#x410;&#x41D;&#x413;&#x41B;_&#x410;35</subfield>
    <subfield code="7">0</subfield>
    <subfield code="8">BH0166</subfield>
    <subfield code="a">BH0164090</subfield>
    <subfield code="b">BH0164090</subfield>
    <subfield code="c">BH0166</subfield>
    <subfield code="d">2024-07-07</subfield>
    <subfield code="g">625.00</subfield>
    <subfield code="l">0</subfield>
    <subfield code="o">83.8/&#x410;&#x43D;&#x433;&#x43B;/  &#x410;.35</subfield>
    <subfield code="p">BH016592-2-3</subfield>
    <subfield code="r">2024-07-07</subfield>
    <subfield code="t">72</subfield>
    <subfield code="y">BK</subfield>
  </datafield>
  <datafield tag="952" ind1=" " ind2=" ">
    <subfield code="0">0</subfield>
    <subfield code="1">0</subfield>
    <subfield code="4">0</subfield>
    <subfield code="6">838&#x410;&#x41D;&#x413;&#x41B;_&#x410;35</subfield>
    <subfield code="7">0</subfield>
    <subfield code="8">BH0163</subfield>
    <subfield code="a">BH0164090</subfield>
    <subfield code="b">BH0164090</subfield>
    <subfield code="c">BH0163</subfield>
    <subfield code="d">2024-07-07</subfield>
    <subfield code="g">625.00</subfield>
    <subfield code="l">0</subfield>
    <subfield code="o">83.8/&#x410;&#x43D;&#x433;&#x43B;/  &#x410;.35</subfield>
    <subfield code="p">BH016592-3-1</subfield>
    <subfield code="r">2024-07-07</subfield>
    <subfield code="t">69</subfield>
    <subfield code="y">BK</subfield>
  </datafield>
  <datafield tag="999" ind1=" " ind2=" ">
    <subfield code="c">1100629</subfield>
    <subfield code="d">1100686</subfield>
  </datafield>
</record>
